Normal view
MARC view
- فلسفة-تدريس
Entry Topical Term
001 - CONTROL NUMBER
- control field: 35881
003 - CONTROL NUMBER IDENTIFIER
- control field: JO-AjAnu
005 - DATE AND TIME OF LATEST TRANSACTION
- control field: 20230606080009.0
008 - FIXED-LENGTH DATA ELEMENTS
- fixed length control field: 230606|| aca||aabn | a|a d
040 ## - CATALOGING SOURCE
- Original cataloging agency: JO-AjAnu
- Transcribing agency: JO-AjAnu
150 ## - HEADING--TOPICAL TERM
- Topical term or geographic name entry element: فلسفة-تدريس
670 ## - SOURCE DATA FOUND
- Source citation: Work cat.: (JO-AjAnu)18423: محمد، سماح رافع, author 35880, تدريس المواد الفلسفية في التعليم الثانوي في مصر والدول العربية:طرقه ووسائله واعداد معلميه